<?xml version="1.0" encoding="UTF-8"?>
<record
    xmlns:xsi="http://www.w3.org/2001/XMLSchema-instance"
    xsi:schemaLocation="http://www.loc.gov/MARC21/slim http://www.loc.gov/standards/marcxml/schema/MARC21slim.xsd"
    xmlns="http://www.loc.gov/MARC21/slim">

  <leader>00859nam a2200229 i 4500</leader>
  <controlfield tag="001">137533</controlfield>
  <controlfield tag="003">ES-MaACL</controlfield>
  <controlfield tag="005">20250918194238.0</controlfield>
  <controlfield tag="007">t|</controlfield>
  <controlfield tag="008">070214s1948    sp f         |||| | spa d</controlfield>
  <datafield tag="080" ind1=" " ind2=" ">
    <subfield code="a">323.311.121(46)(0:7.041.5)</subfield>
  </datafield>
  <datafield tag="080" ind1=" " ind2=" ">
    <subfield code="a">75.041"14/19"(084)</subfield>
  </datafield>
  <datafield tag="100" ind1="1" ind2=" ">
    <subfield code="a">S&#xE1;nchez Cant&#xF3;n, Francisco Javier,</subfield>
    <subfield code="d">1891-1971</subfield>
    <subfield code="9">102521</subfield>
  </datafield>
  <datafield tag="245" ind1="1" ind2="4">
    <subfield code="a">Los retratos de los reyes de Espa&#xF1;a / </subfield>
    <subfield code="c">Francisco Javier S&#xE1;nchez Cant&#xF3;n ; con la colaboraci&#xF3;n de Jos&#xE9; Pita Andrade ; pr&#xF3;logo del duque de Alba.</subfield>
  </datafield>
  <datafield tag="260" ind1=" " ind2=" ">
    <subfield code="a">Barcelona : </subfield>
    <subfield code="b">Omega, </subfield>
    <subfield code="c">1948.</subfield>
  </datafield>
  <datafield tag="300" ind1=" " ind2=" ">
    <subfield code="a">414 p., 219 l&#xE1;m. ; </subfield>
    <subfield code="c">30 cm.</subfield>
  </datafield>
  <datafield tag="651" ind1=" " ind2="4">
    <subfield code="a">Espa&#xF1;a-</subfield>
    <subfield code="x">Reyes y soberanos-</subfield>
    <subfield code="v">Retratos.</subfield>
    <subfield code="9">176226</subfield>
  </datafield>
  <datafield tag="700" ind1="1" ind2=" ">
    <subfield code="a">Pita Andrade, Jos&#xE9;.</subfield>
    <subfield code="9">92393</subfield>
  </datafield>
  <datafield tag="700" ind1="1" ind2=" ">
    <subfield code="a">Alba, Jacobo Fitz-James Stuart y Falc&#xF3;, </subfield>
    <subfield code="c">Duque de, </subfield>
    <subfield code="d">1878-1953</subfield>
    <subfield code="9">173467</subfield>
  </datafield>
  <datafield tag="852" ind1="4" ind2=" ">
    <subfield code="a">ES-MaACL</subfield>
    <subfield code="j">B-792</subfield>
  </datafield>
  <datafield tag="999" ind1=" " ind2=" ">
    <subfield code="c">137533</subfield>
    <subfield code="d">137533</subfield>
  </datafield>
  <datafield tag="952" ind1=" " ind2=" ">
    <subfield code="0">0</subfield>
    <subfield code="1">0</subfield>
    <subfield code="4">0</subfield>
    <subfield code="7">0</subfield>
    <subfield code="a">ATENEOM</subfield>
    <subfield code="b">ATENEOM</subfield>
    <subfield code="c">SPB</subfield>
    <subfield code="d">2008-01-17</subfield>
    <subfield code="e">SC</subfield>
    <subfield code="l">0</subfield>
    <subfield code="o">B-792</subfield>
    <subfield code="p">1143122</subfield>
    <subfield code="r">2023-02-23 00:00:00</subfield>
    <subfield code="w">2023-02-23</subfield>
    <subfield code="y">MONOGRAFIA</subfield>
  </datafield>
</record>
